| 000 | 00580nam a2200181Ia 4500 | ||
|---|---|---|---|
| 003 | IN-BaIIA | ||
| 008 | 211028s9999 xx 000 0 eng d | ||
| 020 | _a0-521-32688-5 | ||
| 040 | _cIIA Library | ||
| 080 |
_a52(091) _bGIN |
||
| 100 |
_aGingerich, O. _922104 |
||
| 245 | 4 |
_aThe great copernicus chase and other adventures in astronomical history _cO. Gingerich |
|
| 260 |
_aCambridge _bCambridge University Press _c1992 |
||
| 300 | _axii, 304p. | ||
| 650 |
_aAstronomy _980 |
||
| 650 |
_aHistory-astronomy _91125 |
||
| 942 | _cBK | ||
| 999 |
_c12614 _d12614 |
||